000 00919nam a22002057a 4500
005 20250808115953.0
010 _aHIN-130220-22
020 _c900.00 (3 खंड )
_a9789393232854 (3 खंड सेट)
035 _aHN-102566-68
037 _bDBAD
082 _a920
100 _aव्यथितहृदय
_983979
245 _aसेनानी स्वाधीनता संग्राम के /
_cव्यथितहृदय
260 _aनई दिल्ली
_bसामयिक प्रकाशन
_c2024
270 _a3320-21, जटवाड़ा, नेताजी सुभाष मार्ग दरियागंज ,
_bनई दिल्ली
_e110002
300 _a3भाग (168;167;160पृ.)
_c22 सेमी (सजिल्द)
490 _v3 खंडो का सेट
760 _b1
942 _2ddc
_cHN
_h920
_mव्यथित
999 _c212964
_d212964